000 006650000a22001810004500
041 0 _aSPA
082 0 4 _aG 280 S4513m
100 1 _aSeeberg, Reinhold
245 1 0 _aManual de historia de las doctrinas / Reinhold Seeberg ; José Míguez Bonino, Traductor
260 _aEl Paso, TX., USA : Casa Bautista de Publicaciones
300 _a401 Pag
505 0 0 _aTomo I : Historia de doctrinas en la iglesia antigua, 401 Pag. Tomo II : Historia de las doctrinas en la edad media y principio de la edad moderna, 471 Pag
001 8776
942 _cBK
999 _c38895
_d38895
336 _atexto
_btxt
_2rdacontent
337 _2rdamedia
_asin mediación
_bn
338 _2rdacarrier
_avolumen
_bnc